000 00610cam a22002053a 4500
001 43439
003 PGUSA
005 20140828084004.0
008 130811s2013||||xxu|||||s|||||000 | eng d
040 _aPGUSA
_beng
042 _adc
100 1 _aMiller, John Ormsby
245 1 0 _aShort Studies in Ethics :
_bAn Elementary Text-Book for Schools
_h[electronic resource] /
_cJohn Ormsby Miller
260 _bProject Gutenberg,
_c2013
506 _aPublic domain in the USA.
516 _aElectronic text
830 0 _aProject Gutenberg
_v43439
856 4 0 _uhttp://www.gutenberg.org/ebooks/43439
942 _cEB
999 _c272690
_d272690